Fr. Conceicao Rodrigues College of Engineering

Information technology for management (Record no. 18976)

MARC details
000 -LEADER
fixed length control field 00327nam a2200145Ia 4500
082 ## - DEWEY DECIMAL CLASSIFICATION NUMBER
Classification number 5.74
Item number MUT
100 ## - MAIN ENTRY--PERSONAL NAME
Personal name Muthukumaran/B
245 ## - TITLE STATEMENT
Title Information technology for management
260 ## - PUBLICATION, DISTRIBUTION, ETC.
Name of publisher, distributor, etc. Oxford university press
Date of publication, distribution, etc. 2010
366 ## - TRADE AVAILABILITY INFORMATION
Publishers's discount category 25
300 ## - PHYSICAL DESCRIPTION
Extent 680
546 ## - LANGUAGE NOTE
Language note ENGLISH
-- electronics
654 ## - SUBJECT ADDED ENTRY--FACETED TOPICAL TERMS
Focus term it
942 ## - ADDED ENTRY ELEMENTS (KOHA)
Koha item type BOOK
Holdings
Withdrawn status Lost status Damaged status Not for loan Collection Home library Current library Date acquired Source of acquisition Cost, normal purchase price Inventory number Total Checkouts Full call number Barcode Date last seen Cost, replacement price Price effective from Koha item type
        CRC Fr. Agnel's C.Rodrigues College of Engineering Fr. Agnel's C.Rodrigues College of Engineering 17/03/2023 Allied Publishers 311.25 1176 dt 05.12.2014   5.74 MUT 23537 17/03/2023 415.00   BOOK